000 00371nam a22001217a 4500
999 _c748
_d748
005 20200817160842.0
008 200817b ||||| |||| 00| 0 eng d
020 _a0199132704
040 _cCML
245 _aDevelopment in the Third World.
_cMorrish, M.
260 _aGreat Britain
_bButler and Tanner, Frome
_c1983
942 _2ddc
_cBK
_e1st Edition
_h338
_mMOR